Gölgedeki İzmir yazıları (Record no. 1584)

MARC details
000 -BAŞLIK
Sabit Uzunlukta Kontrol Alanı 00639na a2200241 4500
001 - KONTROL NUMARASI
Denetim Alanı 13759
003 - KONTROL NUMARASI IDENTIFIER
Denetim Alanı MIRAKIL
005 - SON İŞLEM TARİHİ VE ZAMANI
Denetim Alanı 20181213154827.0
008 - SABİT-BOY VERİ ELEMANLARI - GENEL BİLGİLER
Sabit Uzunlukta Kontrol Alanı 161024b tu 000 0
035 ## - SİSTEM KONTROL NUMARASI
Sistem Kontrol Numarası 13759
040 ## - KATALOGLAMA KAYNAK
Orijinal Kataloglama Ajansı Milas
Kataloglama Dili tur
Metne Dönüştürmek Ajansı TR-AnCHP
041 ## - DİL KODU
Metin / Ses Parça Veya Ayrı Başlığın Dil Kodu tur
082 ## - DEWEY ONLU SINIFLANDIRMA NUMARASI
Sınıflandırma Numarası 956.211
Ürün Numarası S38g 2012
090 ## - SINIFLAMA NUMARASI
Sınıflama Numarası 956.211 S38g 2012
100 ## - ANA GİRİŞ - KİŞİSEL İSİM
Kişisel Ad Sevinçli, Erdal
245 ## - BAŞLIK TABLOSU
Başlık Gölgedeki İzmir yazıları
Sorumluluk Tablosu, Vb Erdal Sevinçli
246 ## - UNVAN FORM VARYING
Başlık Doğru / Kısa Başlığı İzmir yazıları
260 ## - YAYIN, DAĞITIM, VB
Yayın, Dağıtım, Vb Yeri İzmir
Yayıncı, Dağıtıcı, Vs Adı İzmir Büyükşehir Belediyesi
Yayın, Dağıtım, Vb Tarihi 2012
300 ## - FİZİKSEL TANIM
Kapsam 283 s.
Boyutlar 23 sm.
650 ## - KONU KATMA GİRİŞ - TOPİKAL DÖNEM
Topikal Süreli Veya Coğrafi Ad Giriş Elemanı İzmir
Genel Alt Bölümü Tarih
Kronolojik Alt Bölümü Makaleler
651 ## - KONU KATMA GİRİŞ - COĞRAFİ ADI
Coğrafi İsim İzmir tarihi
942 ## - EKLENDİ GİRİŞ ELEMANLARI (KOHA)
Sınıflandırma Veya Raf Düzeni Kaynak Dewey Decimal Classification
Koha Öğesi Türü Books
999 ## - SİSTEM KONTROL NUMARALARI (KOHA)
Koha Biblionumber 1584
Koha Biblioitemnumber 1584
Holdings
Kalıcı Konum Mevcut Konum Edinme Tarihi Edinim Kaynak Toplam Check-Out'Lar Tam Çağrı Numarası Barkod Tarih Son Görülme İtibaren Geçerli Fiyatlar Koha Öğesi Türü
CHP Kütüphanesi CHP Kütüphanesi 08/16/2016 Bağış   956.211 S38g 2012 001565 08/16/2016 08/16/2016 Books